La espiritualidad ignaciana ante el siglo XXI : memorias del II Simposio Internacional de Teología /

Guardat en:
Dades bibliogràfiques
Autor corporatiu: Simposio Internacional de Teología ( Universidad Iberoamericana)
Altres autors: Bravo, Armando J. (edición) (edición)
Format: Actes de congresos Llibre
Idioma:espanyol
Publicat: México : Universidad Iberoamericana, Plantel Santa Fe, 1993, c1993
Col·lecció:(Ciencias Religiosas)
Matèries:
Etiquetes: Afegir etiqueta
Sense etiquetes, Sigues el primer a etiquetar aquest registre!

MARC

LEADER 00000nam^a2200000^a^4500
001 000165274
005 20250521000000.0
009 20260310101011.583
020 |a 968-859-111-4 
037 |a Acervo ITESO - Biblioteca 
041 |a ESP 
082 |a 261.  |b SIT 1993 
111 |a Simposio Internacional de Teología (  |n 2o :  |d 1993 :  |c Universidad Iberoamericana) 
240 1 1 |a [Simposio Internacional de Teología] 
245 1 3 |a La espiritualidad ignaciana ante el siglo XXI :  |b memorias del II Simposio Internacional de Teología /  |c Simposio Internacional de Teología ; ed. de Armando J. Bravo. 
264 4 |a México :  |b Universidad Iberoamericana, Plantel Santa Fe,  |c 1993, c1993 
300 |a 334 p. 
336 |a texto  |b txt  |2 rdacontenido 
337 |a sin mediación  |b n  |2 rdamedio 
338 |a volumen  |b nc  |2 rdasoporte 
440 1 |a (Ciencias Religiosas) 
649 |a XX 
650 |a Teología -  |x Congresos 
650 |a Espiritualidad 
650 |a Vida Espiritual 
650 |a Jesuitas 
650 |a Ejercicios Ignacianos 
650 |a Ejercicios Espirituales 
650 |a Conducta de Vida 
650 |a Evangelización 
650 |a Monasticismo y Ordenes Religiosas 
650 |a Globalización 
650 |a Iglesia y Problemas Sociales 
650 |a Catolicismo 
650 |a Cristianismo 
650 |a Etica y Religión 
650 |a Religión 
700 |a Bravo, Armando J.  |e (edición) 
910 |a Fondo General 
920 |a Impresos - Libros 
930 |a Colección General 
905 |a 101 
901 |a 0500016047  |b IT1  |c ACC  |u 20250521 
902 |a https://opac.biblio.iteso.mx/vufind/Record/000165274